[Event "Bad Woerishofen op"]
[Site "Bad Woerishofen"]
[Date "2001.??.??"]
[Round "4"]
[White "Gossmann, Ewald"]
[Black "Walther, Alexander"]
[Result "1-0"]
[WhiteElo "2014"]
[BlackElo "1743"]
[Annotator "ChessOrg"]
[PlyCount "120"]
[EventDate "1998.03.05"]
[Source "ChessBase"]
[SourceDate "1998.04.29"]

1. d4 {A40: Verschiedene (seltene) Antworten auf 1.d4} 1... c6 2. c4 d6 3. Nc3
Qc7 4. Nf3 Bg4 5. e4 Nd7 6. Be3 e5 7. Be2 Ngf6 8. Ng1 {letzter Buchzug} 8...
Bxe2 9. Ngxe2 Ng4 10. Bd2 (10. Bg5 10... Nb6 $11) 10... exd4 $15 11. Nxd4 Nde5
(11... Nge5 $15) 12. Qe2 (12. Bg5 $11 $142) 12... Qb6 $17 13. c5 Qxc5 (13...
Qxb2 $143 14. Rb1 Qa3 15. f4 (15. Rxb7 $143 15... Qxc5 (15... dxc5 16. Ndb5
cxb5 17. Qxb5+ Kd8 18. Nb1 Qxa2 19. Ba5+ Qxa5+ 20. Qxa5+ Ke8 21. Qb5+ Kd8 22.
O-O Nxf2 23. Rxf2 Bd6 24. Rfxf7 Kc8 25. Qa6 Nf3+ 26. Kh1 Bc7 27. Qc6 Nxh2 28.
Qxc7#) 16. Nb3 Nd3+ 17. Qxd3 Qxf2+ 18. Kd1 18... Qxg2 $15) 15... Qxc5 16. fxe5
Nxe5 17. Nf3 $11) (13... dxc5 $6 14. Nb3 c4 15. Nc1 $17) 14. Nb3 Qc4 15. f3
Qxe2+ (15... Nd3+ 16. Kf1 Nge5 17. Rb1 $15) 16. Kxe2 Nf6 17. Rad1 O-O-O 18. g4
h6 19. h4 (19. Be3 19... Kb8 $17) 19... Be7 (19... Nc4 20. Be3 $17) 20. h5 (20.
Be3 20... Kb8 $17) 20... Kc7 (20... Nc4 $5 21. Be3 Nxe3 22. Kxe3 22... Rhe8 $17
) 21. Nd4 Rhe8 22. Nf5 Bf8 23. g5 Ng8 24. Bf4 hxg5 25. Bxg5 f6 26. Bf4 Ne7 27.
h6 (27. Nd4 27... Rd7 $15) 27... Nxf5 28. h7 28... Be7 $4 (28... Ng6 $142 29.
h8=Q Nxh8 30. Rxh8 30... g5 $17) 29. exf5 $14 29... Rh8 30. Rdg1 Bf8 31. Ne4 (
31. Bxe5 dxe5 32. Ne4 32... Rd7 $11) 31... Rd7 (31... Re8 32. b3 $11) 32. Bd2 (
32. Bxe5 fxe5 33. Ng5 33... Kd8 $14) 32... Re7 (32... d5 $5 33. Nf2 33... Bc5
$11) 33. Bb4 Nf7 34. Kf2 (34. Kf1 34... Rd7 $15) 34... Re5 (34... Rd7 $15) 35.
Ng3 $2 (35. Rh5 $11 $142) 35... Nh6 $17 36. Bc3 Re8 37. Ne4 (37. Rxh6 gxh6 38.
Nh5 $15) 37... d5 38. Rxh6 dxe4 (38... gxh6 $6 39. Nxf6 Rd8 40. Bd4 $15) 39.
Rhg6 Bc5+ (39... Rxh7 $5 $142 40. R1g4 e3+ 41. Ke2 Rh2+ 42. Rg2 42... Rh5 $19)
40. Kf1 $17 40... Bxg1 41. Rxg7+ Kb6 42. Kxg1 exf3 (42... e3 43. Rf7 43... Rd8
$11) 43. Bxf6 $4 (43. Rf7 43... Rb8 $16) 43... Rhf8 (43... Re1+ $142 44. Kf2
Rh1 45. Bd4+ 45... Ka6 $15) 44. Bc3 Rxf5 45. Rg8 Rff8 46. Rxf8 Rxf8 47. h8=Q
Rxh8 48. Bxh8 Kc5 49. Kf2 b5 50. Kxf3 Kc4 51. Ke4 b4 (51... c5 52. Ke5 $18) 52.
b3+ Kb5 53. Kd3 a5 54. Be5 c5 (54... Kc5 55. Ke4 $18) 55. Bf6 a4 56. Be5 (56.
Be7 56... Kb6 $18) 56... c4+ 57. bxc4+ Kc5 58. Ba1 Kd6 59. Kd4 Kc6 60. c5 b3
1-0

[Event "Bad Woerishofen op"]
[Site "Bad Woerishofen"]
[Date "2001.??.??"]
[Round "6"]
[White "Gossmann, Ewald"]
[Black "Foehl, Frithjof"]
[Result "1/2-1/2"]
[WhiteElo "2014"]
[BlackElo "1840"]
[Annotator "ChessOrg"]
[PlyCount "43"]
[EventDate "1998.03.05"]
[Source "ChessBase"]
[SourceDate "1998.04.29"]

1. d4 {A60: Benoni (Moderne Benoni-Verteidigung)} 1... Nf6 2. c4 c5 3. d5 e6 4.
Nc3 exd5 5. cxd5 d6 6. Nf3 a6 7. a4 7... b6 {letzter Buchzug} 8. Nd2 g6 9. Nc4
Nbd7 10. Bf4 Qc7 11. h3 Bb7 12. e3 (12. e4 $5 $14) 12... O-O-O 13. Be2 Ne5 14.
O-O Kb8 15. Bxe5 dxe5 16. e4 Ne8 (16... Nd7 17. Qb3 $14) 17. Bd3 (17. Qb3 17...
f5 $16) 17... Be7 (17... f5 18. exf5 Bxd5 19. Nxd5 Rxd5 20. Qb3 $14) 18. Qe2
Rf8 19. Na3 Qc8 20. Nc4 (20. a5 b5 21. Naxb5 axb5 22. Bxb5 22... Ba8 $16) 20...
Qc7 21. Na3 (21. Rfd1 $5 $16 $142) 21... Qc8 $11 22. Nc4 (22. a5 $5 22... b5
23. Naxb5 axb5 24. Bxb5 $16 (24. Nxb5 $6 24... f5 $11)) 1/2-1/2

[Event "Bad Woerishofen op"]
[Site "Bad Woerishofen"]
[Date "2001.??.??"]
[Round "8"]
[White "Gossmann, Ewald"]
[Black "Lechner, Otto"]
[Result "1-0"]
[WhiteElo "2014"]
[BlackElo "1810"]
[Annotator "ChessOrg"]
[PlyCount "73"]
[EventDate "1998.03.05"]
[Source "ChessBase"]
[SourceDate "1998.04.29"]

1. d4 {A52: Budapester Gambit (Hauptvariante)} 1... Nf6 2. c4 e5 3. dxe5 Ng4 4.
Nf3 Bc5 5. e3 Nc6 6. Nc3 Ngxe5 7. Nxe5 Nxe5 8. a3 {letzter Buchzug} 8... a5 9.
Qd5 d6 10. Qe4 (10. Ne4 c6 11. Qd2 11... Qe7 $11) 10... O-O 11. b3 Re8 12. Qf4
Bd7 13. Be2 Rb8 14. Bb2 c6 (14... Bg4 15. Rd1 Bxe2 16. Nxe2 $11) 15. Ne4 Ng6
16. Qf3 Qe7 17. Nxc5 dxc5 18. Rd1 (18. O-O 18... b5 $11) 18... b5 $11 19. O-O
a4 20. bxa4 b4 (20... bxc4 21. Rd2 $14) 21. axb4 cxb4 22. c5 Ra8 23. Rd6 Rxa4
24. Rfd1 Ra7 25. Bc4 Rf8 26. Bb3 Kh8 27. Qe2 Nh4 28. Qd3 (28. e4 $5 $16 $142)
28... Qg5 $11 29. g3 Bh3 (29... Nf3+ $5 30. Kg2 Nh4+ 31. Kh1 31... Bg4 $11) 30.
Rd8 (30. f4 Nf3+ 31. Kf2 Qxc5 32. Kxf3 Qh5+ 33. Kf2 $18) 30... Ra8 $16 31. Rxa8
31... Rxa8 $2 (31... Nf3+ $142 32. Kh1 32... Rxa8 $16) 32. f4 $18 (32. Bxf7 $6
32... Nf3+ 33. Kh1 33... Qxc5 $11) 32... Qe7 33. gxh4 Qxh4 34. e4 (34. Bxf7 $6
34... Qg4+ 35. Kf2 Qh4+ 36. Kg1 Qg4+ 37. Kf2 Qh4+ 38. Kg1 $11) 34... Bg4 35.
Qd4 (35. Rd2 $5 35... h6 $18) 35... Rg8 36. Ra1 (36. Rf1 $5 $142 36... Be2 37.
Rf2 (37. Bxf7 $4 37... Qg4+ 38. Kf2 Qf3+ 39. Ke1 Qxf1+ 40. Kd2 Qxf4+ 41. Kxe2
41... Qxf7 $19) 37... Qg4+ 38. Rg2 $18) 36... Bf3 $14 37. Qxg7+ $4 (37. Qxg7+
Rxg7+ 38. Kf1 Be2+ 39. Kxe2 Qxh2+ 40. Kd1 Qxb2 41. Ra8+ Rg8 42. Rxg8+ Kxg8 43.
Bc2 $19) (37. Bc4 Qxf4 38. Ra7 Qg4+ 39. Kf1 Qg2+ 40. Ke1 $16) 1-0

[Event "Bad Woerishofen op"]
[Site "?"]
[Date "2001.??.??"]
[Round "1"]
[White "Goy, Udo"]
[Black "Behlert, Stefan"]
[Result "1-0"]
[WhiteElo "2194"]
[BlackElo "1790"]
[Annotator "ChessOrg"]
[PlyCount "83"]
[EventDate "2000.??.??"]

1. d4 {A80: Hollaendische Verteidigung} 1... e6 2. Nf3 f5 3. h3 Nf6 4. g4 4...
d5 {letzter Buchzug} 5. gxf5 exf5 6. Rg1 g6 7. Bg5 Be7 8. Nc3 Be6 9. e3 Nbd7
10. Ne2 Ne4 11. Nf4 Bf7 (11... Bxg5 $4 12. Nxe6 Qe7 13. Nxc7+ (13. Rxg5 $6
13... Qxe6 14. Rg1 14... O-O-O $14) (13. Nfxg5 Nf8 14. Nxe4 14... Nxe6 $18)
13... Kf7 14. Nxg5+ Nxg5 15. Nxa8 Rxa8 16. c3 $18) 12. h4 c6 13. c3 (13. Bxe7
Qxe7 14. c3 14... O-O-O $11) 13... Bxg5 (13... Qb6 14. Nd3 Nxg5 15. hxg5 $11)
14. Nxg5 $14 14... Qb6 15. Qc2 (15. Nxf7 Qxb2 (15... Kxf7 $143 16. Qc2 $14) 16.
Ne2 16... Kxf7 $17) 15... Ndf6 16. Nxf7 Kxf7 17. f3 Nd6 18. O-O-O Rae8 19. Re1
c5 20. h5 gxh5 (20... g5 21. dxc5 Qxc5 22. Nd3 $11) 21. Bd3 $14 21... cxd4 22.
exd4 Qc6 (22... Qa5 $5 $142 23. Kb1 23... Qd8 $14) 23. Bxf5 $16 23... Nxf5 24.
Qxf5 24... Qc8 $4 (24... Rhg8 25. Nxh5 Rxg1 26. Rxg1 Qe6 27. Rg7+ Kf8 28. Qxf6+
Qxf6 29. Nxf6 Re1+ 30. Kd2 Kxg7 31. Nh5+ Kg6 32. Kxe1 32... Kxh5 $16) 25. Qxc8
(25. Rg7+ $1 25... Kxg7 26. Nxh5+ Nxh5 27. Rg1+ Ng3 28. Rxg3+ Kh6 29. Qg5#)
25... Rxc8 26. Re5 Rhg8 27. Rh1 Rce8 28. Nxh5 (28. Rf5 $5 $18 $142) 28... Rxe5
$16 29. dxe5 Nxh5 30. Rxh5 Kg6 (30... Rg1+ $5 31. Kc2 Rg2+ 32. Kb3 32... Kg6
$14) 31. Rh4 $16 31... h5 32. f4 Rc8 (32... Kf5 33. Kd1 $16) 33. Kd2 $18 33...
Rc4 34. Ke3 Re4+ 35. Kf3 Rc4 (35... Re1 $5 $18) 36. Rh2 b5 37. Rg2+ Kh6 38. e6
Re4 39. Re2 39... h4 $4 (39... Rxe2 $142 40. Kxe2 40... Kg7 $16) 40. Rxe4 (40.
e7 $142 40... Kg6 41. e8=Q+ Rxe8 42. Rxe8 $18) 40... dxe4+ 41. Kxe4 h3 42. Kf3
(42. Kf3 Kg6 43. f5+ Kf6 44. Kg3 $18) 1-0

[Event "Bad Woerishofen op"]
[Site "Bad Woerishofen"]
[Date "2001.??.??"]
[Round "3"]
[White "Goy, Udo"]
[Black "Stiepan, Hans-Michael"]
[Result "1-0"]
[WhiteElo "2194"]
[BlackElo "1839"]
[Annotator "ChessOrg"]
[PlyCount "85"]
[EventDate "1998.03.05"]
[Source "ChessBase"]
[SourceDate "1998.04.29"]

1. d4 {A46: Damenbauernspiele} 1... e6 2. Nf3 Nf6 3. g3 b5 4. Bg2 Bb7 5. O-O c5
6. c3 Be7 7. Bg5 7... Ne4 {letzter Buchzug} 8. Bxe7 Qxe7 9. Nfd2 f5 10. Nxe4
fxe4 (10... Bxe4 11. Bxe4 fxe4 12. a4 $14) 11. Nd2 d5 12. dxc5 Qxc5 13. Nb3 Qe7
14. Nd4 (14. f3 14... O-O $14) 14... a6 $11 15. a4 e5 16. Nf5 Qf6 (16... Qd7 $5
17. Ne3 17... O-O $14) 17. Ne3 (17. Bxe4 Bc6 18. Bc2 18... bxa4 $16) 17... Qc6
$14 18. axb5 axb5 19. Qb3 Nd7 (19... Rxa1 20. Rxa1 20... Nd7 $18) 20. Rxa8+ $18
20... Bxa8 21. Rd1 Nc5 22. Qa2 O-O 23. Qxd5+ (23. Rxd5 $6 23... Qe6 24. b4
24... Qf7 $11) 23... Qxd5 24. Nxd5 (24. Rxd5 $143 24... Bxd5 25. Nxd5 25... Rd8
$15) 24... Na4 25. Bxe4 Kh8 (25... Nxb2 26. Rb1 Nc4 27. Bg2 $16 (27. Rxb5 $143
27... Nd6 28. Bxh7+ 28... Kxh7 $15)) 26. Bg2 (26. b4 Rd8 27. Rd3 27... Nb2 $18)
26... Nxb2 $16 27. Rb1 Bxd5 28. Rxb2 Bc4 29. Kf1 g6 (29... Rf7 30. Be4 $16) 30.
Ke1 (30. Bc6 $5 30... Rc8 31. Bxb5 31... Kg7 $18) 30... Rf7 31. Be4 Ra7 32. Bd3
Kg7 33. Bxc4 bxc4 34. Rb4 Rc7 35. Rb6 Kf7 36. Kd2 Rc5 37. Ke3 h6 38. Ke4 Ra5
39. Rc6 Ra2 40. Ke3 (40. Kxe5 $6 40... Rxe2+ 41. Kd5 Rxf2 42. Rxc4 Rxh2 43.
Rf4+ Ke7 44. Re4+ 44... Kd7 $11) (40. Rxc4 $6 40... Rxe2+ 41. Kf3 41... Rc2 $16
) 40... Ra4 41. h4 Kg7 42. f3 Kf7 43. Ke4 (43. Ke4 Ra2 44. e3 $18 (44. Rxc4 $6
44... Rxe2+ 45. Kd5 45... Re3 $16)) 1-0

[Event "Bad Woerishofen op"]
[Site "Bad Woerishofen"]
[Date "2001.??.??"]
[Round "5"]
[White "Goy, Udo"]
[Black "Grosser, Walter"]
[Result "1-0"]
[WhiteElo "2194"]
[BlackElo "2098"]
[Annotator "ChessOrg"]
[PlyCount "43"]
[EventDate "1998.03.05"]
[Source "ChessBase"]
[SourceDate "1998.04.29"]

1. d4 {E97: Koenigsindisch (Klassisches System)} 1... Nf6 2. c4 g6 3. Nc3 Bg7
4. e4 d6 5. Nf3 O-O 6. Be2 e5 7. O-O Nc6 8. d5 Ne7 9. Kh1 Ne8 10. Ng1 {
letzter Buchzug} 10... f5 11. f4 fxe4 12. Nxe4 Nf5 (12... Nf6 13. Nxf6+ Rxf6
14. Bd3 $11) 13. fxe5 Bxe5 14. Nf3 Bg7 15. Bg5 Nf6 16. g4 Ne7 17. Nxf6+ Bxf6
18. Bxf6 Rxf6 19. Qd4 Rf8 20. Nd2 Rxf1+ (20... c5 $5 $142 21. dxc6 Nxc6 22.
Qd5+ 22... Kh8 $16) 21. Rxf1 $18 (21. Bxf1 $6 21... c5 22. Qf4 Qf8 23. Qxf8+
23... Kxf8 $14) (21. Nxf1 $6 21... c6 $14) 21... Qe8 $2 (21... c5 22. Qf4 22...
b5 $18) 22. Ne4 (22. Ne4 Nxd5 23. cxd5 $18) 1-0

[Event "Bad Woerishofen op"]
[Site "Bad Woerishofen"]
[Date "2001.??.??"]
[Round "7"]
[White "Goy, Udo"]
[Black "Giddins, Stephen"]
[Result "1/2-1/2"]
[WhiteElo "2194"]
[BlackElo "2290"]
[Annotator "ChessOrg"]
[PlyCount "26"]
[EventDate "1998.03.05"]
[Source "ChessBase"]
[SourceDate "1998.04.29"]

1. d4 {A46: Damenbauernspiele} 1... e6 2. Nf3 Nf6 3. g3 b6 4. Bg2 Bb7 5. O-O c5
6. dxc5 bxc5 7. c4 Be7 8. b3 {letzter Buchzug} 8... O-O 9. Bb2 d6 10. Nbd2 a5
11. Qc2 Nc6 12. Ng5 g6 13. e3 (13. Ndf3 Ng4 14. Qd2 14... a4 $11) 13... a4
1/2-1/2

[Event "Bad Woerishofen op"]
[Site "Bad Woerishofen"]
[Date "2001.??.??"]
[Round "9"]
[White "Goy, Udo"]
[Black "Sakkal, Cherin"]
[Result "0-1"]
[WhiteElo "2194"]
[BlackElo "1884"]
[Annotator "ChessOrg"]
[PlyCount "68"]
[EventDate "1998.03.05"]
[Source "ChessBase"]
[SourceDate "1998.04.29"]

1. d4 {D44: Damengambit (Botwinnik-Variante)} 1... d5 2. Nf3 Nf6 3. c4 e6 4.
Nc3 c6 5. Bg5 dxc4 6. e4 b5 7. e5 h6 8. Bh4 g5 9. exf6 gxh4 10. Ne5 Qxf6 11.
Be2 11... Nd7 {letzter Buchzug} 12. Nxc6 Bb7 13. Bf3 a6 14. O-O (14. Qe2 Rc8
15. Nd5 15... Qg7 $19) 14... Bg7 (14... Rc8 15. Ne5 Bxf3 16. Nxf3 $19) 15. Ne4
(15. a4 $5 $15 $142) 15... Qf4 $19 16. d5 (16. Qd2 Qxd2 17. Nxd2 17... Rc8 $19)
16... O-O (16... Bxc6 17. dxc6 Ne5 18. Rb1 $19) 17. Ne7+ (17. g3 $5 17... Qc7
18. Ne7+ Kh7 19. Nc3 $17) 17... Kh8 $19 18. dxe6 $2 (18. g3 $142 18... Qe5 19.
Nc3 $19) 18... Ne5 (18... Bxe4 $6 19. Bxe4 Qxe4 20. Re1 $11) 19. Nd2 Bxf3 20.
Nxf3 Nxf3+ 21. Qxf3 Qxf3 22. gxf3 Bxb2 23. Rad1 Rae8 (23... fxe6 $6 24. Ng6+
Kg7 25. Nxf8 Rxf8 26. Rfe1 $17) 24. Rd7 Ba3 25. Nd5 Rxe6 26. Rc7 (26. Rd1 Re2
27. Ra7 Rg8+ 28. Kh1 Rxf2 29. Rxa6 29... Bf8 $19 (29... Rxa2 $143 30. Rxh6+ Kg7
31. Rb6 $19)) 26... Bd6 (26... Rg8+ $5 27. Kh1 Rd8 28. Nf4 $19) 27. Rb7 h3 28.
Rd1 (28. Kh1 $19) 28... Rg8+ 29. Kh1 Rg2 30. f4 Rxf2 31. Rxf7 (31. Rd7 Ree2 32.
Rd8+ 32... Bf8 $19) 31... Ree2 32. Kg1 (32. Ne3 Rxe3 33. Rf6 Bxf4 34. Rxa6
Rxh2+ 35. Kg1 Rg3+ 36. Kf1 Rh1+ 37. Ke2 Rxd1 38. Ra8+ Kg7 39. Ra7+ Kf6 40. Ra6+
Ke5 41. Ra8 Rd2+ 42. Kf1 Rg1+ 43. Kxg1 h2+ 44. Kh1 Rd1+ 45. Kg2 h1=Q+ 46. Kf2
Qf1#) 32... Rg2+ 33. Kf1 Ref2+ 34. Ke1 Bc5 (34... Bc5 35. Rh7+ Kxh7 36. Nf6+
Kg6 37. f5+ Kxf6 38. Rd6+ Bxd6 39. a3 Bxa3 40. Kd1 Rf1#) 0-1

[Event "Bad Woerishofen op"]
[Site "Bad Woerishofen"]
[Date "2001.??.??"]
[Round "2"]
[White "Graf, Alexander"]
[Black "Schaefer, Michael"]
[Result "1-0"]
[WhiteElo "2645"]
[BlackElo "2205"]
[Annotator "ChessOrg"]
[PlyCount "101"]
[EventDate "1998.03.05"]
[Source "ChessBase"]
[SourceDate "1998.04.29"]

1. d4 {D85: Gruenfeld-Verteidigung (Hauptfortsetzung)} 1... Nf6 2. c4 g6 3. Nc3
d5 4. cxd5 Nxd5 5. e4 Nxc3 6. bxc3 Bg7 7. Nf3 c5 8. Be3 Qa5 9. Qd2 O-O 10. Rc1
cxd4 11. cxd4 Qxd2+ 12. Kxd2 Nc6 13. d5 Rd8 14. Ke1 Na5 15. Bg5 Bd7 16. Bd3
Rdc8 17. Ke2 e6 18. Be3 {letzter Buchzug} 18... a6 (18... exd5 19. exd5 Ba4 20.
Ng5 $11) 19. Bb6 $14 19... exd5 20. exd5 Re8+ 21. Kd2 Bh6+ 22. Be3 Bxe3+ (22...
Bf8 23. Rc7 Bb5 24. Rd1 $11) 23. fxe3 $14 23... Bb5 24. e4 Rad8 25. Nd4 (25.
Bb1 Nc4+ 26. Kd3 Nd6+ 27. Kd4 27... f6 $14) 25... f5 (25... Bxd3 $5 26. Kxd3
26... f5 $15) 26. Nxb5 $11 (26. exf5 $143 26... Bxd3 27. Kxd3 27... Rxd5 $19)
26... axb5 27. Rhe1 (27. exf5 $143 27... Rxd5 28. Rcd1 Nc4+ 29. Kc3 Ne3 30.
fxg6 Kh8 31. gxh7 31... Ra8 $17) 27... fxe4 28. Rxe4 Nc4+ 29. Kc3 Rxe4 30. Bxe4
Kf7 31. Kd4 Ke7 32. Re1 Kd6 33. Bf3 Rd7 34. Rb1 (34. Re6+ $5 34... Kc7 35. h4
$16) 34... Na3 $11 35. Rc1 Rf7 36. Rc8 Rf4+ 37. Ke3 (37. Be4 37... Nc4 $14)
37... Rc4 (37... Ra4 38. Rd8+ Kc7 39. Rh8 $11) 38. Rd8+ Kc7 39. Rh8 Nc2+ (39...
Rh4 $5 $11) 40. Kd2 $16 40... Nb4 41. Rxh7+ Kd6 42. Rxb7 Nxd5 (42... Kc5 43.
Rc7+ Kd6 44. Rxc4 bxc4 45. Kc3 Nxa2+ 46. Kxc4 $18) 43. Bxd5 (43. Rxb5 43... Nf4
$18) 43... Rd4+ 44. Ke3 Rxd5 45. Rb6+ Kc5 46. Rxg6 Rh5 47. h3 Kb4 (47... Re5+
48. Kf3 $18) 48. Kf4 (48. Rc6 Re5+ 49. Kf2 Rf5+ 50. Ke2 Re5+ 51. Kd2 Rd5+ 52.
Kc2 52... Re5 $18) 48... Rc5 49. Ra6 Rc3 (49... Rc4+ 50. Ke5 $18) 50. h4 Ra3 (
50... Rc4+ 51. Kg5 Rc5+ 52. Kh6 Rc4 53. a3+ 53... Kc5 $18) 51. Rxa3 (51. Rxa3
Kxa3 52. g4 $18) 1-0

[Event "Bad Woerishofen op"]
[Site "Bad Woerishofen"]
[Date "2001.??.??"]
[Round "4"]
[White "Graf, Alexander"]
[Black "Doettling, Fabian"]
[Result "1-0"]
[WhiteElo "2645"]
[BlackElo "2505"]
[Annotator "ChessOrg"]
[PlyCount "238"]
[EventDate "1998.03.05"]
[Source "ChessBase"]
[SourceDate "1998.04.29"]

1. d4 {E05: Katalanisch} 1... d5 2. c4 e6 3. Nf3 Nf6 4. g3 Be7 5. Bg2 O-O 6.
O-O dxc4 7. Qc2 a6 8. Qxc4 b5 9. Qc2 Bb7 10. Bf4 Nc6 11. Nc3 Nb4 12. Qc1 12...
Nbd5 {letzter Buchzug} 13. Nxd5 Nxd5 14. Ne5 (14. e4 $5 14... Nxf4 15. Qxf4 $11
) 14... Nxf4 $17 15. Qxf4 Bxg2 16. Kxg2 Qd5+ 17. e4 (17. Nf3 17... Qd6 $11)
17... Qxd4 $17 18. Nc6 Qd6 19. Rac1 e5 20. Qxe5 Qxe5 21. Nxe5 c5 22. Nc6 Rfe8
23. Nxe7+ Rxe7 24. Rxc5 Rxe4 25. Rfc1 g6 26. Kf3 Re6 27. Rc6 Rae8 28. b4 h5 29.
h3 Kg7 30. g4 hxg4+ 31. hxg4 Kf6 32. R1c5 Kg7 33. Kg3 R8e7 34. f3 Kf6 (34... f6
35. Rxe6 Rxe6 36. Kf4 $11) 35. g5+ $14 35... Kg7 36. Kf4 Re8 37. Rc3 Kf8 38.
Rc7 R8e7 39. Rc8+ Re8 40. Rxe8+ Kxe8 41. Re3 Kd7 42. Rxe6 Kxe6 (42... fxe6 $2
43. Ke5 Ke7 44. f4 $18) 43. Ke4 f6 44. f4 44... Kd6 $2 (44... Ke7 45. Kd5 fxg5
46. fxg5 46... Kd7 $18) 45. Kd4 $18 (45. gxf6 45... Ke6 $14) 45... Ke6 46. Kc5
fxg5 47. fxg5 Kf5 48. Kb6 Kxg5 49. Kxa6 Kh4 50. Kxb5 g5 51. Ka6 g4 52. b5 g3
53. b6 g2 54. b7 g1=Q 55. b8=Q Qf1+ 56. Ka5 Qc1 57. Qd6 Kg5 58. Qe5+ Kg6 59. a4
Qd2+ 60. Ka6 Kf7 61. a5 Qd3+ 62. Kb7 Qb1+ 63. Kc8 Qa2 64. Qc7+ Kg8 65. Qg3+ Kf7
66. Qe5 Kg8 67. Kd8 Qd2+ 68. Ke8 Qh6 69. Qd5+ Kh8 70. Qd4+ Kh7 71. Qd3+ Kh8 72.
Qc3+ Kg8 73. Qc4+ Kh8 74. Qc8 Qh5+ 75. Ke7+ Kh7 76. Qc2+ Kh8 77. Qc3+ Kg8 78.
Qc4+ Kh8 79. Qd4+ (79. a6 Qg5+ 80. Kd7 Qg7+ 81. Kc8 81... Qa1 $18) 79... Kg8
80. Qc4+ $4 (80. Qg1+ Kh7 81. Qb1+ Kg7 82. Qb2+ 82... Kh7 $18) 80... Kh8 81. a6
Qe5+ 82. Kd7 Qf5+ 83. Qe6 Qf7+ 84. Kd6 (84. Qxf7 $6 $11) 84... Qf8+ 85. Kc6
Qa8+ 86. Kc5 Qa7+ 87. Kb5 Qb8+ 88. Kc6 $4 (88. Qb6 Qe5+ 89. Kc6 Qe4+ 90. Kc7
Qh7+ 91. Kb8 Qg8+ 92. Kb7 Qd5+ 93. Qc6 Qb3+ 94. Ka7 94... Qg3 $18) 88... Qa8+
89. Kc5 $4 (89. Kc7 Qa7+ 90. Kd8 90... Qf2 $18) 89... Qa7+ 90. Qb6 Qe7+ 91. Qd6
Qa7+ 92. Kb5 Qe3 93. Qd8+ Kh7 94. Qd7+ Kh8 95. a7 Qb3+ 96. Ka6 Qa3+ 97. Kb7
Qb4+ 98. Kc8 Qc5+ 99. Kd8 Qb6+ 100. Qc7 Qf6+ 101. Qe7 Qb6+ 102. Ke8 Qb5+ 103.
Kf7 $4 (103. Qd7 $142 103... Qe5+ 104. Kd8 Qa5+ 105. Qc7 Qd5+ 106. Ke8 Qb5+
107. Ke7 Qg5+ 108. Ke6 Qg6+ 109. Kd7 Qf5+ 110. Kc6 Qe4+ 111. Kb6 Qb4+ 112. Ka6
Qa4+ 113. Kb7 Qb5+ 114. Ka8 Qd5+ 115. Qb7 $18) 103... Qh5+ 104. Ke6 104... Qe2+
$4 (104... Qh3+ $142 105. Kd5 Qd3+ 106. Ke5 Qe3+ 107. Kf6 Qh6+ 108. Kf5 Qh5+
109. Qg5 Qh7+ 110. Kf6 Qxa7 111. Qh5+ Qh7 112. Qe8+ 112... Qg8 $11) 105. Kd6
Qd3+ 106. Kc7 Qc4+ 107. Kd8 (107. Kb6 Qb3+ 108. Kc6 Qa4+ 109. Kb7 Qb5+ 110. Kc8
Qc4+ 111. Qc7 Qe6+ 112. Qd7 Qc4+ 113. Kd8 Qh4+ 114. Kc7 Qc4+ 115. Qc6 Qf7+ 116.
Kb8 Qb3+ 117. Kc8 Qg8+ 118. Kb7 Qb3+ 119. Ka6 Qa3+ 120. Kb6 Qb3+ 121. Qb5 Qe6+
122. Kb7 Qf7+ 123. Ka6 Qa2+ 124. Qa5 Qe6+ 125. Qb6 Qc4+ 126. Kb7 Qd5+ 127. Kb8
Qg8+ 128. Kc7 Qf7+ 129. Kd6 Qf6+ 130. Kc5 Qf5+ 131. Kc4 Qc2+ 132. Kd5 Qf5+ 133.
Kc6 Qe6+ 134. Kb5 Qb3+ 135. Kc5 Qe3+ 136. Kd5 Qxb6 137. a8=Q+ 137... Kg7 $11)
107... Qd5+ 108. Qd7 Qa5+ 109. Ke8 Qe5+ 110. Kf7 110... Qg7+ $4 (110... Qf5+ $1
$142 111. Ke7 Qe5+ 112. Qe6 Qc7+ 113. Kf6 Qxa7 114. Qc8+ Kh7 115. Qh3+ Kg8 116.
Qg4+ Kh8 117. Qh5+ Qh7 118. Qe8+ 118... Qg8 $11) 111. Ke6 $18 111... Qg4+ 112.
Kd6 $4 (112. Ke7 Qb4+ 113. Kf6 Qf4+ 114. Kg6 Qg3+ 115. Kh5 Qf3+ 116. Kg5 Qg3+
117. Kf5 Qh3+ 118. Kg6 Qg3+ 119. Kh6 Qe3+ 120. Kg6 120... Qg3+ $11) 112... Qd4+
$11 113. Ke7 113... Qg7+ $4 (113... Qe5+ $142 114. Qe6 Qc5+ 115. Kf6 Qxa7 116.
Qc8+ Kh7 117. Qh3+ Kg8 118. Qg4+ Kh8 119. Qh5+ Qh7 120. Qe8+ 120... Qg8 $11)
114. Kd8 $18 114... Qf6+ 115. Kc7 Qe5+ 116. Qd6 Qa5+ 117. Kb7 Qb5+ 118. Kc8
Qc4+ 119. Kd8 Qg8+ 1-0

[Event "Bad Woerishofen op"]
[Site "Bad Woerishofen"]
[Date "2001.??.??"]
[Round "6"]
[White "Graf, Alexander"]
[Black "Levin, Felix"]
[Result "1/2-1/2"]
[WhiteElo "2645"]
[BlackElo "2530"]
[Annotator "ChessOrg"]
[PlyCount "46"]
[EventDate "1998.03.05"]
[Source "ChessBase"]
[SourceDate "1998.04.29"]

1. d4 {D47: Damengambit (Meraner Variante)} 1... d5 2. c4 e6 3. Nc3 c6 4. e3
Nf6 5. Nf3 Nbd7 6. Bd3 dxc4 7. Bxc4 b5 8. Bd3 Bd6 9. a4 {letzter Buchzug} 9...
b4 10. Nb1 c5 11. Nbd2 cxd4 12. Nc4 Be7 13. Nxd4 Bb7 14. f3 O-O 15. e4 Ne5 16.
Nxe5 (16. Bf4 $5 16... Nxd3+ 17. Qxd3 $15) 16... Qxd4 $17 17. Nc4 Rfd8 18. Be2
Qxd1+ 19. Bxd1 Ba6 20. Na5 Rac8 21. Be3 Bc5 22. Bxc5 Rxc5 23. Nb3 Rc7 1/2-1/2

[Event "Bad Woerishofen op"]
[Site "?"]
[Date "2001.??.??"]
[Round "1"]
[White "Graf, Christian"]
[Black "Hutter, Otto"]
[Result "1-0"]
[WhiteElo "2291"]
[BlackElo "2210"]
[Annotator "ChessOrg"]
[PlyCount "135"]
[EventDate "2000.??.??"]

1. e4 e6 2. d4 d5 3. Nd2 Nf6 4. Bd3 Be7 5. e5 Nfd7 6. c3 c5 7. Ne2 Nc6 8. O-O
cxd4 9. cxd4 Nb6 10. Nf3 10... Bd7 {letzter Buchzug} 11. Nc3 a5 12. Be3 Nb4 13.
Be2 a4 14. Ne1 O-O (14... a3 15. b3) 15. Nd3 Nc4 16. Nxb4 Nxe3 17. fxe3 Bxb4
18. Rc1 (18. a3 Be7) 18... f6 19. exf6 Rxf6 20. Rxf6 Qxf6 21. Bf3 Bd6 22. e4
Bf4 23. Rc2 Be3+ 24. Kh1 dxe4 25. Nxe4 Qxd4 26. Qxd4 Bxd4 27. Nd6 Rf8 (27...
Bc6 28. Bxc6 bxc6 29. Rxc6 Bxb2 30. Ne4) 28. Nxb7 e5 29. Nd6 (29. Bd5+ Kh8 30.
h3) 29... Be6 30. b3 axb3 31. axb3 Bxb3 32. Rc7 Bd5 (32... h5) 33. Bxd5+ Kh8
34. Nf7+ Kg8 35. Nxe5+ Kh8 36. Nf3 g6 37. g3 Bf6 38. Rf7 (38. g4 Rb8) 38...
Rxf7 39. Bxf7 Kg7 40. Bd5 Kf8 41. Kg2 Kg7 42. Nd2 Bd4 43. Ne4 Bb2 44. Kf3 Ba3
45. Ng5 Bb4 46. h3 Ba3 47. Ne6+ Kf6 48. Ke4 Bb4 49. g4 h6 50. Bb3 Be1 51. Nf4
Bg3 52. Kf3 Be1 53. Bc2 g5 54. Nd3 Ba5 55. Ke4 h5 (55... Bc3 56. Bb3) 56. gxh5
Bd2 57. Ne5 Ba5 58. Ng4+ Kg7 59. Kf5 Bc3 60. Bb3 Kh7 61. Ke6 Bb2 62. Kf7 Bc3
63. Bc2+ Kh8 64. Kg6 Kg8 65. Nh6+ Kh8 66. Nf7+ Kg8 67. h6 Kf8 68. h7 (68. h7 g4
69. hxg4) 1-0